Les Youtubeurs One Piece qui ont participé à la Rêverie - Statistiques

Statistiques générales
  • Ce quiz a été pris 21 fois
  • Le résultat moyen est 3 sur 13
Statistiques - réponses
Youtubeurs One Piece présents à la Rêverie % Correct
Mont Corvo
89%
Ryo Sensei
47%
Luffylosophe
37%
Mademoiselle Soso
37%
Le Dok
21%
Louis San
21%
Raftel Hill
21%
Young cap
16%
Log Pose
11%
Ynotece
11%
Artur
5%
Dorian Coulon
5%
Musk
5%
Aucun quiz correspondant
Distribution des résultats
% des personnes avec chaque résultat
Percentile par nombre de réponses
Votre historique - résultats
Vous n’avez pas pris ce quiz